Library Banner

An introudction to metric spaces and fixed point theory (Record no. 78175)

MARC details
000 -LEADER
fixed length control field 00549nam a2200205Ia 4500
001 - CONTROL NUMBER
control field 69159
008 - FIXED-LENGTH DATA ELEMENTS--GENERAL INFORMATION
fixed length control field 151103s9999||||xx |||||||||||||| ||und||
020 ## - INTERNATIONAL STANDARD BOOK NUMBER
International Standard Book Number 0471418250
040 ## - CATALOGING SOURCE
Transcribing agency PK-LaUMT
082 ## - DEWEY DECIMAL CLASSIFICATION NUMBER
Classification number 514.32
Item number KHA-I
100 ## - MAIN ENTRY--PERSONAL NAME
Personal name Mohamed A. Khamsi
245 #3 - TITLE STATEMENT
Title An introudction to metric spaces and fixed point theory
Statement of responsibility, etc Mohamed A. Khamsi|Kirk, William A.
250 ## - EDITION STATEMENT
Edition statement `
260 ## - PUBLICATION, DISTRIBUTION, ETC. (IMPRINT)
Place of publication, distribution, etc New York,USA:
Name of publisher, distributor, etc John Wiley & Sons,
Date of publication, distribution, etc 2001
300 ## - PHYSICAL DESCRIPTION
Extent 302 p.
546 ## - LANGUAGE NOTE
Language note EN
650 ## - SUBJECT ADDED ENTRY--TOPICAL TERM
Topical term or geographic name as entry element Metric spaces
700 ## - ADDED ENTRY--PERSONAL NAME
Personal name Kirk, William A.
942 ## - ADDED ENTRY ELEMENTS (KOHA)
Koha item type Books
Holdings
Withdrawn status Lost status Damaged status Not for loan Home library Current library Date acquired Total Checkouts Total Renewals Full call number Barcode Date last seen Date checked out Price effective from Koha item type
        UMT Main Campus UMT Main Campus 2015-11-02 16 1 514.32 KHA-I 94726 2023-02-27 2023-02-15 2015-11-03 Books